| 000 | 00907nam a22002531c 4500 | ||
|---|---|---|---|
| 001 | ht017630397 | ||
| 003 | RU-10907106 | ||
| 005 | 20230915211815.0 | ||
| 008 | 131111s2013 gw |||| 000u ger d | ||
| 020 |
_a9783110319309 _9978-3-11-031930-9 |
||
| 040 | _cRU-10907106 | ||
| 100 | 1 |
_aDiekmann, Irene _926866 |
|
| 245 | 0 | 4 |
_aDas Emanzipationsedikt von 1812 in Preußen : _bder lange Weg der Juden zu "Einländern" und "preußischen Staatsbürgern" / _chrsg. von Irene Diekmann |
| 264 |
_aBerlin : _bDe Gruyter, _c2013 |
||
| 300 | _a320 S. | ||
| 490 | 0 |
_aEuropäisch-jüdische Studien : Beiträge _v15 |
|
| 650 | 0 |
_aPreußen _913238 |
|
| 650 | 0 |
_aJudenemanzipation _912267 |
|
| 650 | 0 |
_aGeschichte 1812 _926867 |
|
| 650 | 0 |
_aKongress _98685 |
|
| 650 | 0 |
_aPotsdam <2012> _926868 |
|
| 776 | 0 | 8 |
_iErscheint auch als _nOnline-Ausgabe _tDas Emanzipationsedikt von 1812 in Preußen _w1832355039 |
| 942 |
_cMG _2z |
||
| 999 |
_c25415 _d25415 |
||